[Event "WCO2014"]
[Site "Tromso"]
[Date "2014.08.09"]
[Round "7.15"]
[WhiteID "2603365"]
[White "Botez Alexandra"]
[BlackID "3101134"]
[Black "Figueroa Calderon Jenid"]
[Result "1-0"]
[LiveChessVersion "1.4.3"]
[BlackElo "1454"]
[WhiteElo "2089"]

1. d4 {[%clk 1:30:57]} Nf6 {[%clk 1:30:47]} 2. c4 {[%clk 1:31:21]} g6
{[%clk 1:31:00]} 3. f3 {[%clk 1:31:48]} Bg7 {[%clk 1:30:41]} 4. e4
{[%clk 1:32:12]} d6 {[%clk 1:30:45]} 5. Nc3 {[%clk 1:32:37]} O-O {[%clk 1:31:00]}
6. Be3 {[%clk 1:33:03]} Nbd7 {[%clk 1:27:46]} 7. Nh3 {[%clk 1:33:05]} c5
{[%clk 1:23:08]} 8. d5 {[%clk 1:33:28]} Re8 {[%clk 1:21:30]} 9. Be2
{[%clk 1:33:26]} a6 {[%clk 1:13:22]} 10. O-O {[%clk 1:33:29]} Rb8
{[%clk 1:13:01]} 11. a4 {[%clk 1:32:58]} Ne5 {[%clk 1:10:16]} 12. Nf2
{[%clk 1:33:11]} h5 {[%clk 1:09:21]} 13. h3 {[%clk 1:33:18]} Nh7 {[%clk 1:07:19]}
14. f4 {[%clk 1:33:06]} Nd7 {[%clk 1:07:02]} 15. Qd2 {[%clk 1:31:22]} e6
{[%clk 0:58:28]} 16. dxe6 {[%clk 1:31:30]} Rxe6 {[%clk 0:54:35]} 17. f5
{[%clk 1:31:36]} Bxc3 {[%clk 0:54:44]} 18. bxc3 {[%clk 1:29:15]} gxf5
{[%clk 0:48:47]} 19. exf5 {[%clk 1:29:29]} Re8 {[%clk 0:38:46]} 20. Bxh5
{[%clk 1:28:54]} Ndf6 {[%clk 0:38:43]} 21. Bg5 {[%clk 1:28:25]} Bxf5
{[%clk 0:29:17]} 22. Bxf6 {[%clk 1:26:45]} Qxf6 {[%clk 0:28:03]} 23. Ng4
{[%clk 1:26:51]} Qe6 {[%clk 0:21:34]} 24. Rxf5 {[%clk 1:27:10]} 1-0

[Event "WCO2014"]
[Site "Tromso"]
[Date "2014.08.09"]
[Round "7.14"]
[WhiteID "3101576"]
[White "Comas Colon Rinelly M."]
[BlackID "505161"]
[Black "Zhou Qiyu"]
[Result "0-1"]
[LiveChessVersion "1.4.3"]
[BlackElo "2109"]
[WhiteElo "1762"]

1. c4 {[%clk 1:30:57]} e5 {[%clk 1:30:55]} 2. Nc3 {[%clk 1:31:21]} Nc6
{[%clk 1:31:19]} 3. Nf3 {[%clk 1:31:21]} Nf6 {[%clk 1:28:00]} 4. e4
{[%clk 1:31:42]} Bc5 {[%clk 1:26:25]} 5. Nxe5 {[%clk 1:31:16]} Nxe5
{[%clk 1:23:52]} 6. d4 {[%clk 1:31:39]} Bb4 {[%clk 1:21:26]} 7. dxe5
{[%clk 1:29:31]} Nxe4 {[%clk 1:20:54]} 8. Qf3 {[%clk 1:23:27]} Nxc3
{[%clk 1:17:35]} 9. bxc3 {[%clk 1:23:50]} Bc5 {[%clk 1:15:58]} 10. Be2
{[%clk 1:21:36]} Qe7 {[%clk 1:14:54]} 11. Bf4 {[%clk 1:19:48]} O-O
{[%clk 1:10:48]} 12. O-O {[%clk 1:19:10]} d6 {[%clk 1:05:03]} 13. exd6
{[%clk 1:11:40]} cxd6 {[%clk 0:58:59]} 14. Rad1 {[%clk 1:00:15]} Bd7
{[%clk 0:50:04]} 15. Bd3 {[%clk 0:53:50]} Bc6 {[%clk 0:45:40]} 16. Qh5
{[%clk 0:45:15]} g6 {[%clk 0:44:15]} 17. Qg5 {[%clk 0:44:02]} Qxg5
{[%clk 0:40:03]} 18. Bxg5 {[%clk 0:44:28]} f6 {[%clk 0:40:24]} 19. Bf4
{[%clk 0:44:13]} g5 {[%clk 0:36:09]} 20. Bd2 {[%clk 0:38:24]} Rae8
{[%clk 0:34:06]} 21. Rfe1 {[%clk 0:37:59]} Kg7 {[%clk 0:30:51]} 22. Be3
{[%clk 0:34:33]} Bxe3 {[%clk 0:27:20]} 23. Rxe3 {[%clk 0:34:36]} Rxe3
{[%clk 0:26:51]} 24. fxe3 {[%clk 0:35:01]} f5 {[%clk 0:25:11]} 25. Rf1
{[%clk 0:31:33]} Bd7 {[%clk 0:22:55]} 26. Rf3 {[%clk 0:31:30]} h6
{[%clk 0:21:25]} 27. Kf2 {[%clk 0:30:16]} Rf6 {[%clk 0:21:12]} 28. h3
{[%clk 0:26:25]} Kf7 {[%clk 0:20:00]} 29. h4 {[%clk 0:23:37]} Kg7
{[%clk 0:06:31]} 30. hxg5 {[%clk 0:19:48]} hxg5 {[%clk 0:06:56]} 31. g3
{[%clk 0:19:16]} Be6 {[%clk 0:05:06]} 32. Ke1 {[%clk 0:18:30]} Kf7
{[%clk 0:02:39]} 33. Rf2 {[%clk 0:17:33]} Ke7 {[%clk 0:01:40]} 34. Rh2
{[%clk 0:15:39]} Rf7 {[%clk 0:01:27]} 35. Rh8 {[%clk 0:15:30]} Rf8
{[%clk 0:01:31]} 36. Rh7+ {[%clk 0:15:32]} Rf7 {[%clk 0:01:55]} 37. Rh8
{[%clk 0:15:58]} Rf8 {[%clk 0:01:27]} 38. Rh7+ {[%clk 0:16:21]} Rf7
{[%clk 0:01:52]} 39. Rh8 {[%clk 0:16:46]} Kd7 {[%clk 0:01:47]} 40. Rh6
{[%clk 0:13:50]} Ke7 {[%clk 0:01:48]} 41. Rh8 {[%clk 0:14:09]} Kf6
{[%clk 0:28:58]} 42. Rh6+ {[%clk 0:38:24]} Ke5 {[%clk 0:25:36]} 43. Rg6
{[%clk 0:38:44]} g4 {[%clk 0:25:55]} 44. Rh6 {[%clk 0:38:51]} d5 {[%clk 0:22:11]}
45. Kd2 {[%clk 0:36:01]} Rd7 {[%clk 0:20:50]} 46. cxd5 {[%clk 0:33:07]} Bxd5
{[%clk 0:21:01]} 47. Kc2 {[%clk 0:32:01]} Bxa2 {[%clk 0:20:45]} 48. Bb5
{[%clk 0:28:45]} Rc7 {[%clk 0:20:05]} 49. Rh8 {[%clk 0:26:46]} Re7
{[%clk 0:15:30]} 50. Rc8 {[%clk 0:23:49]} Be6 {[%clk 0:15:10]} 51. Rd8
{[%clk 0:22:21]} Ke4 {[%clk 0:14:11]} 52. Rd2 {[%clk 0:15:43]} Kf3
{[%clk 0:10:12]} 53. Bd3 {[%clk 0:15:14]} Kxg3 {[%clk 0:10:17]} 54. e4
{[%clk 0:15:20]} f4 {[%clk 0:10:27]} 55. Bf1 {[%clk 0:14:25]} f3 {[%clk 0:10:44]}
0-1

[Event "WCO2014"]
[Site "Tromso"]
[Date "2014.08.09"]
[Round "7.13"]
[WhiteID "2600838"]
[White "Starr Nava"]
[BlackID "3101177"]
[Black "Rivera Negron Yanira"]
[Result "1-0"]
[LiveChessVersion "1.4.3"]
[BlackElo "1603"]
[WhiteElo "2145"]

1. e4 {[%clk 1:30:56]} e6 {[%clk 1:30:55]} 2. b3 {[%clk 1:31:20]} d5
{[%clk 1:31:15]} 3. Bb2 {[%clk 1:31:45]} Nf6 {[%clk 1:31:20]} 4. e5
{[%clk 1:30:54]} Nfd7 {[%clk 1:31:36]} 5. f4 {[%clk 1:27:58]} c5 {[%clk 1:26:01]}
6. Nf3 {[%clk 1:27:30]} Nc6 {[%clk 1:26:00]} 7. Be2 {[%clk 1:21:56]} Be7
{[%clk 1:24:55]} 8. O-O {[%clk 1:22:08]} f6 {[%clk 1:17:49]} 9. Qe1
{[%clk 1:10:18]} O-O {[%clk 1:04:57]} 10. Qg3 {[%clk 1:07:48]} fxe5
{[%clk 0:46:00]} 11. fxe5 {[%clk 1:06:20]} Rf7 {[%clk 0:38:03]} 12. Nc3
{[%clk 0:51:40]} a6 {[%clk 0:33:11]} 13. Nxd5 {[%clk 0:50:16]} Nf8
{[%clk 0:17:36]} 14. Nxe7+ {[%clk 0:49:50]} Qxe7 {[%clk 0:16:51]} 15. Ng5
{[%clk 0:48:50]} Rxf1+ {[%clk 0:16:39]} 16. Rxf1 {[%clk 0:49:10]} h6
{[%clk 0:15:18]} 17. Nf7 {[%clk 0:47:45]} Kh7 {[%clk 0:12:39]} 18. Bd3+
{[%clk 0:47:57]} g6 {[%clk 0:12:27]} 19. Rf6 {[%clk 0:48:25]} 1-0